Gaturriquísimo: la forma más saludable, nutritiva, práctica y divertida de cocinarle a tus hijos

محفوظ في:
التفاصيل البيبلوغرافية
المؤلف الرئيسي: López May, Juliana (autora)
مؤلفون آخرون: Nik (autor)
التنسيق: كتاب
اللغة:الإسبانية
منشور في: Buenos Aires Sudamericana 2012
الطبعة:1a. ed
الموضوعات:
الوسوم: إضافة وسم
لا توجد وسوم, كن أول من يضع وسما على هذه التسجيلة!

MARC

LEADER 00000cam a2200000 a 4500
001 UCF9804
003 CL-VaPUC
008 131213e20120000ag |||||||||||||||||spa|d
020 |a 9789500740012 
082 0 4 |a 8  |b LOP  |2 21 
100 |a López May, Juliana  |e autora  |9 572222 
700 |a Nik  |e autor  |9 572223 
245 1 0 |a Gaturriquísimo: la forma más saludable, nutritiva, práctica y divertida de cocinarle a tus hijos 
250 |a 1a. ed 
300 |a 48 p 
942 |c BK 
945 |d 20131213 11:12:00  |a dcastane 
260 |a Buenos Aires  |b Sudamericana  |c 2012 
650 0 |a Libros infantiles  |9 389584 
650 0 |a Cocina   |9 328037 
650 7 |a COMIDA RAPIDA  |2 CL-VaPUC  |9 572224 
583 |a last modification  |c 20131213 11:12:00  |k Rodrigo Vera 
999 |c 354214  |d 354212 
952 |0 0  |1 0  |3 erd  |4 0  |6 8_000000000000000_LOP_2012  |7 0  |8 C  |9 459919  |a BIBCUR  |b BIBCUR  |i 5033365  |l 6  |o 8 LOP 2012  |p 5033365  |r 2025-04-22  |s 2024-09-10  |w 2019-11-23  |y BK  |z Catalogado en:20131213  |k INF